000 00714nam a2200241 a 4500
001 70063
003 BD-RjUL
005 20211209081947.0
008 170415s1980 enka b 001 0 eng
020 _a0582444020 :
_c£11.99 ($32.00 U.S.)
035 _a(BD-RjUL)70275
040 _aDLC
_cDLC
_dDLC
_beng
041 _aeng
082 0 0 _223
_a572
_bDAQ 1980
100 1 _aDawes, Edwin A.
_q(Edwin Alfred)
_9207497
245 1 0 _aQuantitative problems in biochemistry /
_cby Edwin A. Dawes.
250 _a6th ed.
260 _aLondon ;
_aNew York :
_bLongman,
_c1980.
300 _aix, 335 p. :
_bill. ;
_c24 cm.
504 _aIncludes bibliographies and index.
650 0 _aBiochemistry
_9207498
942 _2ddc
_cBK
999 _c70063
_d70063